000 00910cab a22002175a 4500
001 L158931
008 151009e20150310xxk 000 0 eng d
035 _a(Sirsi) u158931
041 0 _aeng
100 1 _aScott, M
245 0 4 _aThe problem with overage
260 _c2015
490 _aEstates Gazette
_v(1539) 3 October 2015, 92-94(2)
520 _aDiscusses the problems with overage - the right to share in an increased value that is realised only after the sale or development of a property. This is often problematic as overage is a an attempt to capture a value that is not yet certain and which may not materialise for many years when market conditions and many other aspects may change. Includes key questions to ask about overage.
590 _aKA
651 4 _aUnited Kingdom
690 _aProperty management
_96262
690 _aValuation
_96273
700 1 _aWicks, Joanne
942 _n0
999 _c84736
_d84736